[Event "4NCL Division 3 North"]
[Site "Doncaster, ENG"]
[Date "2019.01.12"]
[Round "3.55"]
[White "Roberts, Malcolm A"]
[Black "Harman, George"]
[Result "1/2-1/2"]
[WhiteElo "1676"]
[BlackElo "1817"]
[PlyCount "52"]
[EventDate "2019.01.12"]
[WhiteTeam "Holmes Chapel"]
[BlackTeam "Bolton & Worsley"]

1. e4 c5 2. Nf3 Nc6 3. Nc3 g6 4. Bc4 Bg7 5. a3 Nf6 6. d3 O-O 7. O-O d6 8. h3 a6
9. Bd2 b5 10. Ba2 Bb7 11. Re1 Nd7 12. Qc1 e6 13. Bh6 Nb6 14. Bxg7 Kxg7 15. Qf4
d5 16. exd5 exd5 17. Rad1 Rc8 18. Rd2 d4 19. Ne4 Nd5 20. Bxd5 Qxd5 21. Qf6+ Kg8
22. Rde2 Nd8 23. Qh4 Kg7 24. Qf6+ Kg8 25. Qh4 Kg7 26. Qf6+ Kg8 1/2-1/2

[Event "4NCL Division 3 North"]
[Site "Doncaster, ENG"]
[Date "2019.01.12"]
[Round "3.72"]
[White "Burns, Martin J"]
[Black "Sullivan, Daniel"]
[Result "1/2-1/2"]
[WhiteElo "1945"]
[BlackElo "1957"]
[PlyCount "44"]
[EventDate "2019.01.12"]
[WhiteTeam "Manchester Manticores 3"]
[BlackTeam "Bradford DCA Knights B"]

1. e4 c5 2. Nf3 Nc6 3. d4 cxd4 4. Nxd4 Nf6 5. Nc3 d6 6. Bc4 Qb6 7. Nxc6 bxc6 8.
O-O g6 9. Rb1 Bg7 10. h3 O-O 11. Be3 Qc7 12. Qd2 Bb7 13. Bb3 d5 14. exd5 cxd5
15. Rfe1 e6 16. Bd4 Rfd8 17. Qe3 Qa5 18. Rbd1 Rd7 19. Qg5 Qd8 20. Qe3 Qa5 21.
Qg5 Qd8 22. Qe3 Qa5 1/2-1/2

[Event "4NCL Division 3 North"]
[Site "Doncaster, ENG"]
[Date "2019.01.12"]
[Round "3.46"]
[White "Edwards, Simon R"]
[Black "Pardoe, David"]
[Result "1-0"]
[WhiteElo "1968"]
[BlackElo "1705"]
[PlyCount "43"]
[EventDate "2019.01.12"]
[WhiteTeam "Cheddleton 2"]
[BlackTeam "Manchester Manticores 4"]

1. e4 d5 2. exd5 Qxd5 3. Nc3 Qa5 4. d4 c6 5. Nf3 Bf5 6. Ne5 Nf6 7. g4 Bg6 8. h4
Nbd7 9. Nc4 Qc7 10. Qf3 h5 11. Bf4 hxg4 12. Qe3 Qc8 13. Nd6+ Kd8 14. Nxc8 Kxc8
15. O-O-O e6 16. Bg2 Nb6 17. Bg3 Be7 18. d5 cxd5 19. Nxd5 Nfxd5 20. Bxd5 Nxd5
21. Rxd5 b6 22. Qc3+ 1-0

﻿

[Event "Doncaster, ENG"]
[Site "Doncaster, ENG"]
[Date "2019.01.13"]
[Round "4.11"]
[White "Powell, Lloyd"]
[Black "Gayson, Peter M"]
[Result "1/2-1/2"]
[WhiteElo "2049"]
[BlackElo "2170"]
[PlyCount "35"]
[EventDate "2019.01.13"]
[WhiteTeam "Spirit of Atticus B"]
[BlackTeam "White Rose 2"]

1. d4 f5 2. Nf3 d6 3. g3 g6 4. Bg2 Bg7 5. O-O Nh6 6. c4 O-O 7. Nc3 Nf7 8. e4
fxe4 9. Nxe4 Nc6 10. Be3 Bg4 11. h3 Bxf3 12. Bxf3 e5 13. d5 Nd4 14. Bg2 Nf5 15.
Bd2 b6 16. h4 Nd4 17. Be3 Nf5 18. Bd2 1/2-1/2

[Event "4NCL Division 3 North"]
[Site "Doncaster, ENG"]
[Date "2019.01.13"]
[Round "4.12"]
[White "Shaw, Peter"]
[Black "Bimpson, Tom"]
[Result "1-0"]
[WhiteElo "2089"]
[BlackElo "1968"]
[PlyCount "115"]
[EventDate "2019.01.13"]
[WhiteTeam "White Rose 2"]
[BlackTeam "Spirit of Atticus B"]

1. d4 d6 2. Nf3 Nf6 3. c4 Nbd7 4. Nc3 e5 5. g3 Be7 6. Bg2 O-O 7. O-O c6 8. e4
a5 9. b3 Re8 10. Qc2 Bf8 11. Bb2 b6 12. Rad1 Qc7 13. Rd2 Bb7 14. Rfd1 Rac8 15.
Qb1 Qb8 16. dxe5 dxe5 17. Rxd7 Nxd7 18. Rxd7 Red8 19. Rxd8 Rxd8 20. Na4 f6 21.
Nxb6 Ba6 22. Na4 Bb4 23. Bf1 Qd6 24. Be2 Bc8 25. Qc2 g5 26. c5 Qe7 27. a3 g4
28. axb4 gxf3 29. Bxf3 axb4 30. Qc4+ Be6 31. Qxb4 Rd3 32. Qb8+ Kg7 33. Be2 Rxb3
34. Qd6 Qf7 35. Qd2 Qa7 36. Nb6 Qa2 37. Nc4 Rb5 38. Bc1 Bxc4 39. Qxa2 Bxa2 40.
Bxb5 cxb5 41. c6 Kf7 42. Ba3 Ke8 43. f3 Kd8 44. Bd6 b4 45. Bxb4 Kc7 46. Be7
Kxc6 47. Bxf6 Kd6 48. Kf2 Bf7 49. Ke3 Ke6 50. Bd8 h5 51. h4 Be8 52. Ba5 Ba4 53.
Bc3 Bd1 54. f4 exf4+ 55. gxf4 Bg4 56. f5+ Kf7 57. Kf4 Bd1 58. e5 1-0

[Event "4NCL Division 3 North"]
[Site "Doncaster, ENG"]
[Date "2019.01.13"]
[Round "4.13"]
[White "Johnson, Michael D"]
[Black "Burnett, Jim"]
[Result "1/2-1/2"]
[WhiteElo "1976"]
[BlackElo "2140"]
[PlyCount "86"]
[EventDate "2019.01.13"]
[WhiteTeam "Spirit of Atticus B"]
[BlackTeam "White Rose 2"]

1. Nf3 d5 2. g3 c6 3. Bg2 Bf5 4. O-O e6 5. b3 Nf6 6. Bb2 h6 7. d4 Be7 8. c4 O-O
9. Nc3 Nbd7 10. Nd2 Qc7 11. e4 dxe4 12. Ndxe4 Rad8 13. Qe2 Rfe8 14. Rad1 Qa5
15. Ba1 Bg4 16. f3 Nxe4 17. Nxe4 Bh5 18. Bc3 Bb4 19. Be1 Bxe1 20. Rfxe1 Nf8 21.
Qb2 Qc7 22. Nf2 f6 23. Rd2 Bf7 24. f4 Re7 25. Bf3 Red7 26. Red1 Ng6 27. Bh5 Qa5
28. Bxg6 Bxg6 29. b4 Qf5 30. Qc3 Bf7 31. Re1 b5 32. c5 e5 33. fxe5 fxe5 34.
Rxe5 Qxe5 35. dxe5 Rxd2 36. Ne4 Rxa2 37. Nd6 Bd5 38. e6 Bxe6 39. Qe5 Bc4 40. g4
Rf8 41. Nf5 Rf7 42. Ne7+ Rxe7 43. Qxe7 Bd5 1/2-1/2

[Event "4NCL Division 3 North"]
[Site "Doncaster, ENG"]
[Date "2019.01.13"]
[Round "4.14"]
[White "Li, Harry"]
[Black "Cooper, John G"]
[Result "1/2-1/2"]
[WhiteElo "2058"]
[BlackElo "1942"]
[PlyCount "79"]
[EventDate "2019.01.13"]
[WhiteTeam "White Rose 2"]
[BlackTeam "Spirit of Atticus B"]

1. d4 Nf6 2. c4 e6 3. Nf3 Bb4+ 4. Bd2 c5 5. Bxb4 cxb4 6. g3 O-O 7. Bg2 d5 8.
Nbd2 Nc6 9. O-O b6 10. Rc1 Bb7 11. cxd5 exd5 12. e3 Qd6 13. Nh4 g6 14. Qf3 Rfe8
15. Rfd1 a5 16. Qf4 Qxf4 17. gxf4 Rad8 18. Nhf3 Re7 19. Ne5 Nxe5 20. fxe5 Ne8
21. Rc2 Rc7 22. Rxc7 Nxc7 23. Rc1 Ne6 24. h4 Kf8 25. Nf3 h6 26. Nh2 h5 27. Nf3
Rc8 28. Rxc8+ Bxc8 29. Kh2 Ke7 30. Bh3 Bd7 31. Kg3 Bb5 32. Bxe6 fxe6 33. Kf4
Bd3 34. Nd2 a4 35. f3 b5 36. e4 Kf7 37. Ke3 Bc2 38. Kf4 Bd3 39. Kg5 Bc2 40. Kf4
1/2-1/2

[Event "4NCL Division 3 North"]
[Site "Doncaster, ENG"]
[Date "2019.01.13"]
[Round "4.15"]
[White "Miles, Richard"]
[Black "Edwards-Wright, Miles D"]
[Result "1-0"]
[WhiteElo "1957"]
[BlackElo "1924"]
[PlyCount "105"]
[EventDate "2019.01.13"]
[WhiteTeam "Spirit of Atticus B"]
[BlackTeam "White Rose 2"]

1. d4 g6 2. e4 Bg7 3. Nc3 d6 4. Be3 a6 5. a4 b6 6. Qd2 Nd7 7. Bc4 c5 8. Nge2
Bb7 9. O-O Rc8 10. Bd5 Bxd5 11. exd5 Ngf6 12. Bh6 O-O 13. Bxg7 Kxg7 14. dxc5
bxc5 15. b3 Qb6 16. Rfb1 Ne5 17. h3 Rfd8 18. a5 Qb7 19. f4 Ned7 20. Ng3 c4 21.
b4 h5 22. Qd4 Re8 23. Nge4 e5 24. dxe6 Rxe6 25. Nxd6 Rxd6 26. Qxd6 Qa7+ 27. Kh1
Ng4 28. Rf1 Ndf6 29. Qb6 Qa8 30. Rae1 Nh6 31. Re5 Nf5 32. Rxf5 gxf5 33. Qd4 Rd8
34. Qe3 Rg8 35. Rf2 Qc6 36. Qe5 Kg6 37. Rd2 Kh6 38. Qd6 Rc8 39. b5 axb5 40.
Nxb5 Kg7 41. Qxc6 Rxc6 42. c3 Ra6 43. Ra2 Nd5 44. g3 Kf8 45. Ra3 Ke7 46. Nd4
Kd6 47. Nxf5+ Kc5 48. Kg2 Kb5 49. Kf3 Nxc3 50. Rxc3 Kb4 51. Rc1 Rxa5 52. Ke4
Kb3 53. Nd4+ 1-0

[Event "4NCL Division 3 North"]
[Site "Doncaster, ENG"]
[Date "2019.01.13"]
[Round "4.21"]
[White "Rutter, Nick J"]
[Black "Watson, Phil R"]
[Result "1/2-1/2"]
[WhiteElo "2275"]
[BlackElo "2128"]
[PlyCount "176"]
[EventDate "2019.01.13"]
[WhiteTeam "Shropshire 1"]
[BlackTeam "Bradford DCA Knights B"]

1. e4 c6 2. d4 d5 3. exd5 cxd5 4. c4 Nf6 5. Nc3 Nc6 6. Nf3 g6 7. cxd5 Nxd5 8.
Bc4 Nb6 9. Bb3 Na5 10. Bc2 Bg7 11. Bf4 O-O 12. O-O Bg4 13. Re1 Nac4 14. Bb3
Nxb2 15. Qe2 Bxf3 16. Qxf3 Qxd4 17. Ne4 Rad8 18. Ng5 Nd5 19. Be3 Qe5 20. Rab1
Qf5 21. Qxf5 gxf5 22. Bxa7 Nd3 23. Bxd5 Nxe1 24. Bxf7+ Rxf7 25. Nxf7 Ra8 26.
Rxe1 Rxa7 27. Rxe7 Rxa2 28. g4 f4 29. Kg2 b5 30. Rb7 b4 31. Ng5 Bc3 32. Rb8+
Kg7 33. Ne6+ Kf7 34. Nxf4 Rd2 35. g5 Rd4 36. Rb7+ Ke8 37. Ne6 Re4 38. Nc7+ Kd8
39. Nd5 Rg4+ 40. Kf3 Rxg5 41. Nxb4 Rh5 42. Nc6+ Ke8 43. Re7+ Kf8 44. Re3 Bf6
45. Kg2 Kf7 46. Nb4 Be5 47. h3 Rg5+ 48. Kf1 Bd6 49. Rf3+ Kg6 50. Nc2 Ra5 51.
Ne3 Ra2 52. Ng4 Ra6 53. Rf6+ Kg7 54. Rf3 Kg6 55. Kg2 Bb8 56. Rb3 Bc7 57. Rb5
Ra3 58. Rc5 Ra7 59. Rc6+ Kg7 60. Nf6 Be5 61. Nh5+ Kf7 62. f4 Bb8 63. Kf3 Rb7
64. Kg4 Rb1 65. Rh6 Kg8 66. Kg5 Rb5+ 67. f5 Be5 68. Ra6 Bc3 69. Nf6+ Bxf6+ 70.
Kxf6 Rb8 71. Ra7 Rf8+ 72. Ke6 Re8+ 73. Re7 Ra8 74. f6 Ra6+ 75. Kf5 Ra5+ 76. Re5
Ra8 77. Kg5 Ra6 78. Re8+ Kf7 79. Re7+ Kg8 80. Rg7+ Kh8 81. Rd7 Kg8 82. h4 Rb6
83. h5 Ra6 84. Kf5 Rb6 85. Rg7+ Kh8 86. Rg1 Rb5+ 87. Kf4 Rb4+ 88. Kg5 Rb5+
1/2-1/2

[Event "4NCL Division 3 North"]
[Site "Doncaster, ENG"]
[Date "2019.01.13"]
[Round "4.22"]
[White "Sullivan, Daniel"]
[Black "Cooper, Gavyn"]
[Result "1/2-1/2"]
[WhiteElo "1957"]
[BlackElo "2147"]
[PlyCount "59"]
[EventDate "2019.01.13"]
[WhiteTeam "Bradford DCA Knights B"]
[BlackTeam "Shropshire 1"]

1. d4 d6 2. c4 Nf6 3. Nc3 c6 4. e4 e5 5. Nf3 Bg4 6. Be2 Nbd7 7. O-O Be7 8. Be3
O-O 9. d5 Nb6 10. Nd2 Bxe2 11. Qxe2 Nfd7 12. Rfd1 Rc8 13. Rac1 a6 14. dxc6 Rxc6
15. Nd5 Re8 16. Nb3 Nxd5 17. cxd5 Rxc1 18. Rxc1 Nf6 19. f3 Qd7 20. Qc4 Bd8 21.
Nd2 h6 22. b4 Qa4 23. Qb3 Qxb3 24. Nxb3 Kf8 25. Rc8 Nd7 26. Kf1 Ke7 27. Ke2 Rf8
28. Nd2 Bb6 29. Rxf8 Kxf8 30. Nc4 1/2-1/2

[Event "4NCL Division 3 North"]
[Site "Doncaster, ENG"]
[Date "2019.01.13"]
[Round "4.23"]
[White "Higgie, Charles L"]
[Black "Baxter, Harold"]
[Result "0-1"]
[WhiteElo "1997"]
[BlackElo "1862"]
[PlyCount "78"]
[EventDate "2019.01.13"]
[WhiteTeam "Shropshire 1"]
[BlackTeam "Bradford DCA Knights B"]

1. d4 Nf6 2. c4 g6 3. Nc3 d5 4. cxd5 Nxd5 5. e4 Nxc3 6. bxc3 Bg7 7. Bc4 O-O 8.
Ne2 c5 9. O-O Qc7 10. d5 Nd7 11. f4 Nb6 12. Bb3 Bg4 13. Bb2 Rad8 14. h3 Bxe2
15. Qxe2 c4 16. Bc2 Qc5+ 17. Kh1 Qa5 18. Qe3 Rd7 19. a4 Rfd8 20. Ra3 e6 21.
dxe6 fxe6 22. e5 Rd2 23. Rf2 Rxf2 24. Qxf2 Bf8 25. Ra1 Bc5 26. Qg3 Kg7 27. f5
exf5 28. Bxf5 Rf8 29. Rf1 Qxa4 30. Kh2 Qc6 31. Bc1 Kh8 32. Bh6 Rf7 33. e6 Bd6
34. exf7 Bxg3+ 35. Kxg3 Qc7+ 36. Rf4 Qxf7 37. Be4 Qc7 38. Kf3 Nd7 39. Rf7 Ne5+
0-1

[Event "4NCL Division 3 North"]
[Site "Doncaster, ENG"]
[Date "2019.01.13"]
[Round "4.24"]
[White "Barker, Arron"]
[Black "Bryant, Richard B E"]
[Result "1/2-1/2"]
[WhiteElo "1853"]
[BlackElo "2005"]
[PlyCount "170"]
[EventDate "2019.01.13"]
[WhiteTeam "Bradford DCA Knights B"]
[BlackTeam "Shropshire 1"]

1. e4 e6 2. Nf3 c5 3. Bc4 a6 4. O-O b5 5. Be2 Bb7 6. e5 d6 7. d4 cxd4 8. Qxd4
Nc6 9. Qf4 Qc7 10. exd6 Bxd6 11. Qg4 g6 12. c3 Nf6 13. Qh4 Nh5 14. Rd1 Be7 15.
Qh3 Nf4 16. Bxf4 Qxf4 17. Qg3 Qxg3 18. hxg3 Rd8 19. Rxd8+ Bxd8 20. Nbd2 Bb6 21.
Rd1 Ke7 22. Nb3 Rd8 23. Rxd8 Nxd8 24. Nfd2 f6 25. Kf1 e5 26. Bf3 Bxf3 27. Nxf3
Nb7 28. Ke2 Nd6 29. Nfd2 Ke6 30. Na1 h5 31. Nc2 Nf5 32. Ne4 Nd6 33. Nxd6 Kxd6
34. Nb4 a5 35. Nd3 Kd5 36. b3 f5 37. Nb2 Bd8 38. a4 Kc6 39. axb5+ Kxb5 40. Na4
Bf6 41. f3 Be7 42. g4 hxg4 43. fxg4 fxg4 44. Kd3 Bg5 45. Ke4 Bf4 46. Kd5 Bg3
47. Nc5 Bh2 48. Nd3 e4 49. Kxe4 a4 50. bxa4+ Kxa4 51. Nf2 Kb3 52. Nxg4 Bc7 53.
Kd3 g5 54. c4 Kb4 55. Ne3 Kc5 56. Nd5 Be5 57. g4 Kc6 58. Ke4 Bh2 59. Nc3 Kc5
60. Kd3 Kc6 61. Ne4 Bf4 62. Kd4 Kd7 63. Kd5 Kc7 64. c5 Be3 65. c6 Bf4 66. Nc5
Bc1 67. Ne6+ Kc8 68. Ke5 Bd2 69. Kd5 Bc1 70. Kd6 Bd2 71. Nd4 Bf4+ 72. Kd5 Bc1
73. Nb5 Bf4 74. Ke6 Bd2 75. Kf5 Bc1 76. Nd4 Kc7 77. Ne6+ Kxc6 78. Nxg5 Kd7 79.
Ne6 Ke7 80. Nf4 Kf7 81. g5 Bb2 82. g6+ Kg8 83. Nh5 Bd4 84. Nf4 Bb2 85. Nd5 Kg7
1/2-1/2

[Event "4NCL Division 3 North"]
[Site "Doncaster, ENG"]
[Date "2019.01.13"]
[Round "4.25"]
[White "Gostelow, David W"]
[Black "Almazedi, Firas"]
[Result "1-0"]
[WhiteElo "1960"]
[BlackElo "1836"]
[PlyCount "117"]
[EventDate "2019.01.13"]
[WhiteTeam "Shropshire 1"]
[BlackTeam "Bradford DCA Knights B"]

1. d4 d5 2. Bf4 Nf6 3. e3 c5 4. c3 Nc6 5. Nd2 Bf5 6. Ngf3 Qb6 7. Qc1 Rc8 8.
dxc5 Qxc5 9. Nb3 Qb6 10. Nbd4 Nxd4 11. Nxd4 Bd7 12. Be2 g6 13. O-O Bg7 14. Be5
O-O 15. Rd1 Rfd8 16. Qc2 Bc6 17. Qb3 Qxb3 18. axb3 a6 19. Nxc6 Rxc6 20. Bf3 Rd7
21. Bxf6 Bxf6 22. Rxd5 Rxd5 23. Bxd5 Rc7 24. Rd1 Kf8 25. Bf3 Ke8 26. Kf1 h5 27.
Ke2 a5 28. Rd5 b6 29. Rb5 Kd7 30. Rxb6 Ra7 31. Kd3 Kc7 32. Rb5 e6 33. Kc4 Be7
34. g3 h4 35. Kd3 Bf6 36. Bg2 Be7 37. Kd4 Bf6+ 38. Kc4 Be7 39. f4 hxg3 40. hxg3
Bd6 41. e4 f5 42. Kd4 Kc6 43. c4 Kc7 44. c5 Bf8 45. e5 Be7 46. Rb6 Kd7 47. Bc6+
Kc7 48. Bb5 Rb7 49. Rxb7+ Kxb7 50. Bd7 Kc7 51. Bxe6 Kc6 52. Bd5+ Kb5 53. c6 Bd6
54. Kd3 Kb6 55. Kc4 Be7 56. Bf7 g5 57. Kd5 gxf4 58. gxf4 Kc7 59. Be6 1-0

[Event "4NCL Division 3 North"]
[Site "Doncaster, ENG"]
[Date "2019.01.13"]
[Round "4.26"]
[White "Johnson, Paul A"]
[Black "Sheard, Martin"]
[Result "0-1"]
[WhiteElo "1830"]
[BlackElo "1952"]
[PlyCount "138"]
[EventDate "2019.01.13"]
[WhiteTeam "Bradford DCA Knights B"]
[BlackTeam "Shropshire 1"]

1. d4 Nf6 2. Bf4 e6 3. e3 b6 4. Nf3 Bb7 5. Nbd2 c5 6. c3 Nc6 7. Bd3 Be7 8. Qe2
O-O 9. O-O Nh5 10. Bg3 Nxg3 11. fxg3 Rc8 12. Rf2 Qc7 13. Ne4 f6 14. c4 cxd4 15.
exd4 Nb4 16. Rc1 Nxd3 17. Qxd3 d5 18. Ned2 dxc4 19. Rxc4 Qd7 20. Rxc8 Rxc8 21.
Nb3 Bd5 22. Rc2 Rxc2 23. Qxc2 Qc6 24. Qxc6 Bxc6 25. Kf2 Bd5 26. Nc1 Kf7 27. Ke3
Ke8 28. b3 Kd7 29. Nd3 g5 30. g4 h6 31. g3 Ba3 32. Nd2 Bd6 33. Ne4 Be7 34. Nc3
Bc6 35. b4 Kc7 36. b5 Bb7 37. a4 Kd7 38. Kf2 Kc7 39. Ke3 Kd7 40. Kf2 Ba3 41.
Ke3 Bd6 42. Ne4 Be7 43. Nc3 Ke8 44. Kf2 Bd6 45. Ke3 f5 46. gxf5 exf5 47. d5 Kf7
48. Kd4 Kf6 49. Ne2 Bc8 50. Ng1 a6 51. Nf3 axb5 52. axb5 Bd7 53. Kc4 Be8 54.
Nd4 Bh5 55. Ne6 Be2 56. Kd4 Bxd3 57. Kxd3 Ke5 58. Kc4 f4 59. gxf4+ gxf4 60. Nd4
Ke4 61. Ne2 f3 62. Nc3+ Ke3 63. Nd1+ Ke2 64. Nc3+ Ke1 65. Ne4 f2 66. Nxf2 Kxf2
67. h3 Kg3 68. Kd4 Kf4 69. h4 h5 0-1

[Event "4NCL Division 3 North"]
[Site "Doncaster, ENG"]
[Date "2019.01.13"]
[Round "4.31"]
[White "Sakic, Lorand"]
[Black "Clarke, Stuart W"]
[Result "0-1"]
[WhiteElo "2012"]
[BlackElo "2207"]
[PlyCount "54"]
[EventDate "2019.01.13"]
[WhiteTeam "Bolton & Worsley"]
[BlackTeam "3Cs 2"]

1. e4 e6 2. d4 d5 3. Nc3 Bb4 4. a3 Bxc3+ 5. bxc3 dxe4 6. Qg4 Nf6 7. Qxg7 Rg8 8.
Qh6 Rg6 9. Qd2 b6 10. Bb2 Bb7 11. Ne2 Nbd7 12. Nf4 Rg8 13. O-O-O Qe7 14. Bb5
O-O-O 15. Rhg1 Kb8 16. g3 a6 17. Bf1 Ne5 18. Qe2 Nf3 19. Rh1 e5 20. Ng2 c5 21.
Ne1 cxd4 22. Nxf3 exf3 23. Qe1 dxc3 24. Rxd8+ Rxd8 25. Qxc3 Ng4 26. Bc4 f6 27.
Qe1 Qc5 0-1

[Event "4NCL Division 3 North"]
[Site "Doncaster, ENG"]
[Date "2019.01.13"]
[Round "4.32"]
[White "Bentley, John L"]
[Black "Doherty, Paul"]
[Result "1-0"]
[WhiteElo "2135"]
[BlackElo "1757"]
[PlyCount "83"]
[EventDate "2019.01.13"]
[WhiteTeam "3Cs 2"]
[BlackTeam "Bolton & Worsley"]

1. c4 f5 2. g3 Nf6 3. Bg2 e6 4. Nc3 d5 5. d4 c6 6. Nf3 Bd6 7. O-O O-O 8. Qc2
Nbd7 9. cxd5 cxd5 10. b3 a6 11. e3 b5 12. Bb2 Bb7 13. Rac1 Ne4 14. Ne2 Qe8 15.
Nf4 g5 16. Nd3 Qh5 17. Nfe5 Nb6 18. f3 Nf6 19. Nc5 Rac8 20. Qe2 Rb8 21. Nxe6
Rfe8 22. Nc5 Bc8 23. Rf2 f4 24. exf4 gxf4 25. g4 Qg5 26. Ncd3 Bd7 27. Qd2 h5
28. h3 hxg4 29. hxg4 Rf8 30. Qxf4 Qg7 31. Qg3 Rbe8 32. Qh4 Be7 33. Qg3 Bd6 34.
Re1 Nc8 35. Qh4 Be7 36. g5 Nh7 37. f4 Nb6 38. Nxd7 Nxd7 39. Bxd5+ Kh8 40. Be4
Rd8 41. Qxh7+ Qxh7 42. Bxh7 1-0

[Event "4NCL Division 3 North"]
[Site "Doncaster, ENG"]
[Date "2019.01.13"]
[Round "4.33"]
[White "Harman, George"]
[Black "Reeve, Andy K"]
[Result "1/2-1/2"]
[WhiteElo "1817"]
[BlackElo "2088"]
[PlyCount "46"]
[EventDate "2019.01.13"]
[WhiteTeam "Bolton & Worsley"]
[BlackTeam "3Cs 2"]

1. e4 d6 2. d4 Nf6 3. Nc3 c6 4. Nf3 Bg4 5. h3 Bh5 6. Be3 e6 7. Be2 d5 8. Nd2
Bg6 9. e5 Nfd7 10. O-O c5 11. f4 cxd4 12. Bxd4 Nc6 13. Nb3 Nxd4 14. Nxd4 Bc5
15. Kh1 O-O 16. Nb3 Bb4 17. Nb5 a6 18. N5d4 Be4 19. c3 Bc5 20. Bf3 Bxf3 21.
Qxf3 g6 22. Rae1 Bxd4 23. Nxd4 Nc5 1/2-1/2

[Event "4NCL Division 3 North"]
[Site "Doncaster, ENG"]
[Date "2019.01.13"]
[Round "4.34"]
[White "Burke, Mitchell R"]
[Black "McElvenny, Damien"]
[Result "1-0"]
[WhiteElo "2020"]
[BlackElo "1810"]
[PlyCount "59"]
[EventDate "2019.01.13"]
[WhiteTeam "3Cs 2"]
[BlackTeam "Bolton & Worsley"]

1. e4 c5 2. Nc3 d6 3. f4 g6 4. Nf3 Bg7 5. Bb5+ Bd7 6. Bc4 Nc6 7. O-O a6 8. a4
e6 9. d3 Qc7 10. Qe1 Nge7 11. Qh4 h6 12. Bd2 O-O-O 13. Rfb1 f6 14. Qf2 g5 15.
a5 g4 16. Ne1 f5 17. Na4 Rdf8 18. Nb6+ Kb8 19. c3 h5 20. Ra3 h4 21. b4 cxb4 22.
cxb4 Nd4 23. Bc3 g3 24. Qb2 gxh2+ 25. Kh1 e5 26. Nxd7+ Qxd7 27. Bxd4 exd4 28.
b5 axb5 29. Bxb5 Qd8 30. Ba6 1-0

[Event "4NCL Division 3 North"]
[Site "Doncaster, ENG"]
[Date "2019.01.13"]
[Round "4.35"]
[White "Clissold, Julian"]
[Black "Adams, Philip"]
[Result "0-1"]
[WhiteElo "1697"]
[BlackElo "2095"]
[PlyCount "86"]
[EventDate "2019.01.13"]
[WhiteTeam "Bolton & Worsley"]
[BlackTeam "3Cs 2"]

1. d4 Nf6 2. Nf3 g6 3. e3 Bg7 4. Bd3 O-O 5. O-O d6 6. Nbd2 Nc6 7. h3 e5 8. c3
Qe7 9. e4 a5 10. d5 Nb8 11. Re1 c6 12. c4 Na6 13. Nf1 Nc5 14. Bc2 a4 15. Ng3
cxd5 16. cxd5 Bd7 17. Be3 Rfc8 18. Rc1 b5 19. Qd2 Ne8 20. Bh6 f6 21. Bxg7 Kxg7
22. Re3 Qd8 23. Ne1 Qa5 24. Qxa5 Rxa5 25. Ne2 b4 26. a3 b3 27. Bb1 Ra7 28. Nd3
Nxd3 29. Rxc8 Bxc8 30. Bxd3 Bd7 31. Nc3 Rc7 32. Kf1 Rc5 33. Ke1 f5 34. exf5
gxf5 35. Rg3+ Kf7 36. Rg5 Nf6 37. Bxf5 Bxf5 38. Rxf5 Rxc3 39. g4 Rc1+ 40. Kd2
Rc2+ 41. Kd1 Kg7 42. f4 Nxd5 43. Rg5+ Kf6 0-1

[Event "4NCL Division 3 North"]
[Site "Doncaster, ENG"]
[Date "2019.01.13"]
[Round "4.36"]
[White "Ye, Kevin"]
[Black "Skipworth, John C"]
[Result "1-0"]
[WhiteElo "1945"]
[BlackElo "1450"]
[PlyCount "51"]
[EventDate "2019.01.13"]
[WhiteTeam "3Cs 2"]
[BlackTeam "Bolton & Worsley"]

1. e4 e5 2. Nf3 Nc6 3. Bc4 Bc5 4. c3 Nf6 5. d4 exd4 6. cxd4 Bb4+ 7. Nc3 d6 8.
O-O O-O 9. Bg5 h6 10. Bh4 Bg4 11. Nd5 Ba5 12. Nxf6+ gxf6 13. Qc1 Kh7 14. Qf4
Bh5 15. Bd5 Bxf3 16. Bxf6 Qd7 17. Qxf3 Ne7 18. Bxb7 Rab8 19. e5 Rg8 20. Be4+
Ng6 21. h4 Rxb2 22. h5 Rd2 23. Bf5 Qa4 24. hxg6+ fxg6 25. Qd5 gxf5 26. Qf7+ 1-0

[Event "4NCL Division 3 North"]
[Site "Doncaster, ENG"]
[Date "2019.01.13"]
[Round "4.41"]
[White "Whitfield, Craig M"]
[Black "Miah, Zahed"]
[Result "1/2-1/2"]
[WhiteElo "2155"]
[BlackElo "1863"]
[PlyCount "97"]
[EventDate "2019.01.13"]
[WhiteTeam "Cheddleton 2"]
[BlackTeam "Manx Liberty 2"]

1. Nf3 d5 2. e3 Nf6 3. c4 c6 4. Nc3 e6 5. d4 Nbd7 6. Bd3 Be7 7. b3 O-O 8. Bb2
Re8 9. O-O Bd6 10. Qc2 h6 11. h3 e5 12. cxd5 cxd5 13. dxe5 Nxe5 14. Be2 Nxf3+
15. Bxf3 Be5 16. Rfd1 Be6 17. Ne2 Rc8 18. Qd2 Bxb2 19. Qxb2 Qa5 20. Rac1 Ne4
21. Nf4 Nc3 22. Rd2 Rc6 23. Ne2 Nxe2+ 24. Rxe2 Rec8 25. Rec2 Qb6 26. Rxc6 Rxc6
27. Rxc6 Qxc6 28. Qd2 b6 29. Kf1 a5 30. Kg1 Qc5 31. Qd4 Kf8 32. Qxc5+ bxc5 33.
Kf1 Ke7 34. Ke2 Kd6 35. Kd3 g5 36. Kc3 Kc6 37. Be2 f5 38. g3 Bd7 39. a3 Kd6 40.
b4 axb4+ 41. axb4 cxb4+ 42. Kxb4 Ke5 43. Bf3 g4 44. hxg4 fxg4 45. Bg2 d4 46.
Kc4 dxe3 47. fxe3 Bf5 48. Bc6 Be4 49. Be8 1/2-1/2

[Event "4NCL Division 3 North"]
[Site "Doncaster, ENG"]
[Date "2019.01.13"]
[Round "4.42"]
[White "Akeya-Price, Robert"]
[Black "Richardson, Alex"]
[Result "1/2-1/2"]
[WhiteElo "1845"]
[BlackElo "2148"]
[PlyCount "93"]
[EventDate "2019.01.13"]
[WhiteTeam "Manx Liberty 2"]
[BlackTeam "Cheddleton 2"]

1. d4 e6 2. c4 Nf6 3. Nf3 d5 4. g3 Bb4+ 5. Bd2 Be7 6. Bg2 O-O 7. O-O Nbd7 8.
Qc2 Ne4 9. Nc3 Nxd2 10. Nxd2 c6 11. e4 dxc4 12. Nxc4 Nb6 13. Nxb6 Qxb6 14. Rad1
e5 15. d5 c5 16. Na4 Qd6 17. f4 f6 18. b3 Bd7 19. Nb2 b5 20. Nd3 Rac8 21. fxe5
fxe5 22. Rxf8+ Kxf8 23. Rf1+ Kg8 24. Qc3 c4 25. bxc4 bxc4 26. Nb2 Qa3 27. Nd1
Bc5+ 28. Kh1 Qxc3 29. Nxc3 Bd4 30. Rc1 Be3 31. Rc2 Rf8 32. Re2 Bd4 33. Rc2 Rf2
34. Rxf2 Bxf2 35. Bf1 Bd4 36. Nb1 Bb5 37. Na3 Bd7 38. Nxc4 Kf8 39. Kg2 Ke7 40.
Kf3 h5 41. h3 Bb5 42. Nd2 Ba4 43. Nc4 Bb5 44. Be2 Bxc4 45. Bxc4 Bc5 46. g4
hxg4+ 47. Kxg4 1/2-1/2

[Event "4NCL Division 3 North"]
[Site "Doncaster, ENG"]
[Date "2019.01.13"]
[Round "4.43"]
[White "Boswell, Jacob Connor"]
[Black "Ormsby, Alan"]
[Result "1/2-1/2"]
[WhiteElo "2035"]
[BlackElo "1780"]
[PlyCount "83"]
[EventDate "2019.01.13"]
[WhiteTeam "Cheddleton 2"]
[BlackTeam "Manx Liberty 2"]

1. e4 e6 2. d4 d5 3. Nd2 dxe4 4. Nxe4 Bd7 5. Nf3 Bc6 6. Bd3 Nd7 7. O-O Ngf6 8.
Nxf6+ Nxf6 9. Qe2 Bxf3 10. Qxf3 c6 11. c3 Be7 12. Bc2 O-O 13. Qd3 Qd6 14. Bg5
g6 15. Qf3 Kg7 16. Bf4 Qd5 17. Qe3 Rfd8 18. Be5 Kg8 19. Qg5 Re8 20. Bb3 Qd8 21.
Qg3 a5 22. Bc2 a4 23. Rad1 Bf8 24. Rd3 Bg7 25. Qh4 Nd7 26. Qxd8 Rexd8 27. Bc7
Rdc8 28. Bf4 Nb6 29. Rfd1 Nc4 30. Bc1 b5 31. Kf1 h5 32. h4 Bf6 33. g3 Kg7 34.
Kg2 Be7 35. a3 Bd6 36. Kh3 Nb6 37. R3d2 Nd5 38. Be4 f5 39. Bg2 Kf7 40. Re1 Re8
41. Rde2 Rac8 42. Bg5 1/2-1/2

[Event "4NCL Division 3 North"]
[Site "Doncaster, ENG"]
[Date "2019.01.13"]
[Round "4.44"]
[White "Costello, John"]
[Black "Floresc, Petru"]
[Result "0-1"]
[WhiteElo "1718"]
[BlackElo "2080"]
[PlyCount "58"]
[EventDate "2019.01.13"]
[WhiteTeam "Manx Liberty 2"]
[BlackTeam "Cheddleton 2"]

1. d4 Nf6 2. c4 e6 3. Nf3 d5 4. Nc3 c6 5. Bg5 h6 6. Bxf6 Qxf6 7. e3 Nd7 8. cxd5
exd5 9. Bd3 Bd6 10. O-O O-O 11. e4 dxe4 12. Nxe4 Qe7 13. Nxd6 Qxd6 14. Re1 Nf6
15. h3 Be6 16. Qd2 Rad8 17. Red1 Bd5 18. Be2 Ne4 19. Qc2 Qf6 20. Bc4 Rfe8 21.
Bxd5 Rxd5 22. Re1 Nd6 23. Rxe8+ Nxe8 24. Re1 Nd6 25. a3 g6 26. Qd2 Kg7 27. Ne5
h5 28. Re3 Nf5 29. Rf3 Qxe5 0-1